000 01009cam a2200253 4500
001 ABS66913
008 030806n2003 000 0 eng u
035 _a(Sirsi) u123219
100 _aMcAllister, P.
245 _aWeigh up your options
260 _c2003
490 _aEstates Gazette
_v(0326) 28 June 2003, 172-173(2)
520 _aWith the prospect that upward only rent reviews may be abolished, landlords and tenants have been forced to revise their predictions. This article offers a mathematical approach to predicting rental levels. Considers how to calculate the rental premium; the risk of temporary fall in rents and sets out two rent review scenarios. Tables.
590 _aABS
650 _aUPWARD ONLY RENT REVIEWS
650 _aRENTAL LEVELS
650 _aFLEXIBLE LEASES
650 _aCODE FOR LEASING BUSINESS PREMISES IN ENGLAND AND WALES
650 _aPREDICTIONS
650 _aPRICING
690 _aLANDLORD AND TENANT-RENT REVIEWS
700 _aWard, C.
942 _n0
999 _c73178
_d73178